[Event "3rd Memorial Warakomska 2019"]
[Site "Suwalki"]
[Date "2019.08.07"]
[Round "4.3"]
[White "Galperin, Platon"]
[Black "Nasuta, Grzegorz"]
[Result "1/2-1/2"]
[WhiteElo "2445"]
[BlackElo "2529"]
[Annotator "ChessBase"]
[PlyCount "22"]
[EventDate "2019.08.05"]
[EventType "swiss"]
[EventCountry "POL"]
[SourceTitle "playchess.com"]
[Source "ChessBase"]
[SourceQuality "1"]
[TimeControl "40/5400+30:1800+30"]

1. d4 {[%emt 0:03:40]} Nf6 {[%emt 0:00:00]} 2. c4 {[%emt 0:00:22]} g6 {[%emt 0:00:00]} 3. g3 {[%emt 0:01:47]} c6 {[%emt 0:00:17]} 4. Bg2 {[%emt 0:00:08]} d5 {[%emt 0:00:06]} 5. cxd5 {[%emt 0:00:06]} cxd5 {[%emt 0:00:04]} 6. Nf3 {[%emt 0:00:04]} Bg7 {[%emt 0:00:07]} 7. Nc3 {[%emt 0:00:03]} Ne4 {[%emt 0:00:56]} 8. Qa4+ {[%emt 0:00:02]} Nc6 {[%emt 0:32:56]} 9. Ne5 {[%emt 0:01:09]} Nxc3 {[%emt 0:17:46]} 10. bxc3 {[%emt 0:00:37]} Be6 {[%emt 0:07:34]} 11. Nxc6 {[%emt 0:11:51]} Qd7 {[%emt 0:01:14]} 1/2-1/2

[Event "3rd Memorial Warakomska 2019"]
[Site "Suwalki"]
[Date "2019.08.07"]
[Round "4.4"]
[White "Caspi, Israel"]
[Black "Shyam, Sundar M."]
[Result "1/2-1/2"]
[WhiteElo "2458"]
[BlackElo "2520"]
[Annotator "ChessBase"]
[PlyCount "77"]
[EventDate "2019.08.05"]
[EventType "swiss"]
[EventCountry "POL"]
[SourceTitle "playchess.com"]
[Source "ChessBase"]
[SourceQuality "1"]
[TimeControl "40/5400+30:1800+30"]

1. e4 {[%emt 0:00:00]} c5 {[%emt 0:03:33]} 2. Nf3 {[%emt 0:00:00]} d6 {[%emt 0:00:05]} 3. d4 {[%emt 0:00:00]} cxd4 {[%emt 0:00:04]} 4. Nxd4 {[%emt 0:00:00]} Nf6 {[%emt 0:00:02]} 5. Nc3 {[%emt 0:00:00]} a6 {[%emt 0:00:01]} 6. f3 {[%emt 0:00:07]} e5 {[%emt 0:00:04]} 7. Nb3 {[%emt 0:00:05]} Be6 {[%emt 0:00:06]} 8. Be3 {[%emt 0:00:13]} h5 {[%emt 0:00:10]} 9. Qd2 {[%emt 0:00:06]} Nbd7 {[%emt 0:00:06]} 10. Nd5 {[%emt 0:00:07]} Bxd5 {[%emt 0:00:04]} 11. exd5 {[%emt 0:00:05]} g6 {[%emt 0:00:03]} 12. Be2 {[%emt 0:00:08]} Bg7 {[%emt 0:00:35]} 13. O-O {[%emt 0:01:02]} b6 {[%emt 0:00:08]} 14. Rac1 {[%emt 0:01:08]} O-O {[%emt 0:00:08]} 15. h3 {[%emt 0:01:14]} Re8 {[%emt 0:08:56]} 16. c4 {[%emt 0:00:16]} Nh7 {[%emt 0:02:21]} 17. Na1 {[%emt 0:11:58]} Bf6 {[%emt 0:02:15]} 18. Nc2 {[%emt 0:03:04]} Bg5 {[%emt 0:06:04]} 19. Bxg5 {[%emt 0:22:20]} Qxg5 {[%emt 0:03:56]} 20. Qxg5 {[%emt 0:00:07]} Nxg5 {[%emt 0:00:03]} 21. h4 {[%emt 0:00:17]} Nh7 {[%emt 0:00:04]} 22. g4 {[%emt 0:00:03]} hxg4 {[%emt 0:30:05]} 23. fxg4 {[%emt 0:00:12]} Kg7 {[%emt 0:00:03]} 24. Rf2 {[%emt 0:10:46]} Rh8 {[%emt 0:06:17]} 25. Rcf1 {[%emt 0:00:07]} Raf8 {[%emt 0:00:03]} 26. Ne3 {[%emt 0:07:56]} Nhf6 {[%emt 0:09:02]} 27. Rh2 {[%emt 0:02:36]} Rh7 {[%emt 0:01:23]} 28. Kg2 {[%emt 0:01:40]} Rfh8 {[%emt 0:01:16]} 29. Rfh1 {[%emt 0:00:09]} Ng8 {[%emt 0:03:42]} 30. Bd3 {[%emt 0:05:02]} Ne7 {[%emt 0:00:12]} 31. Kg3 {[%emt 0:04:19]} b5 {[%emt 0:10:22]} 32. cxb5 {[%emt 0:03:51]} Nc5 {[%emt 0:01:09]} 33. Bc2 {[%emt 0:00:37]} axb5 {[%emt 0:00:04]} 34. Rf1 {[%emt 0:02:21]} Nd7 {[%emt 0:05:23]} 35. a3 {[%emt 0:12:42]} Nb6 {[%emt 0:04:41]} 36. Rhf2 {[%emt 0:04:12]} Kg8 {[%emt 0:00:15]} 37. h5 {[%emt 0:03:51]} Nbxd5 {[%emt 0:02:18]} 38. Nxd5 {[%emt 0:01:07]} Nxd5 {[%emt 0:00:02]} 39. Rd1 {[%emt 0:00:50]} 1/2-1/2

[Event "3rd Memorial Warakomska 2019"]
[Site "Suwalki"]
[Date "2019.08.07"]
[Round "4.5"]
[White "Cukrowski, Filip"]
[Black "Zakhartsov, Viacheslav V."]
[Result "0-1"]
[WhiteElo "2421"]
[BlackElo "2518"]
[Annotator "ChessBase"]
[PlyCount "78"]
[EventDate "2019.08.05"]
[EventType "swiss"]
[EventCountry "POL"]
[SourceTitle "playchess.com"]
[Source "ChessBase"]
[SourceQuality "1"]
[TimeControl "40/5400+30:1800+30"]

1. e4 {[%emt 0:12:29]} c5 {[%emt 0:00:00]} 2. Nf3 {[%emt 0:00:05]} d6 {[%emt 0:00:00]} 3. c3 {[%emt 0:00:05]} Nf6 {[%emt 0:00:00]} 4. Be2 {[%emt 0:00:05]} g6 {[%emt 0:00:56]} 5. O-O {[%emt 0:00:07]} Bg7 {[%emt 0:00:58]} 6. Bb5+ {[%emt 0:00:09]} Bd7 {[%emt 0:00:23]} 7. Bxd7+ {[%emt 0:00:07]} Nbxd7 {[%emt 0:00:20]} 8. Re1 {[%emt 0:00:54]} Ne5 {[%emt 0:00:30]} 9. d4 {[%emt 0:06:42]} Nxf3+ {[%emt 0:00:29]} 10. Qxf3 {[%emt 0:00:14]} Nd7 {[%emt 0:01:00]} 11. dxc5 {[%emt 0:29:27]} Nxc5 {[%emt 0:00:25]} 12. Nd2 {[%emt 0:01:43]} Qb6 {[%emt 0:13:49]} 13. Nc4 {[%emt 0:10:42]} Qc6 {[%emt 0:01:40]} 14. Qe2 {[%emt 0:06:01]} Rc8 {[%emt 0:19:25]} 15. f3 {[%emt 0:01:30]} O-O {[%emt 0:00:32]} 16. Ne3 {[%emt 0:04:03]} e6 {[%emt 0:01:45]} 17. Nc2 {[%emt 0:01:14]} Qb6 {[%emt 0:07:53]} 18. Kh1 {[%emt 0:02:26]} Na4 {[%emt 0:00:32]} 19. Nb4 {[%emt 0:01:24]} a6 {[%emt 0:22:23]} 20. Be3 {[%emt 0:01:58]} Qc7 {[%emt 0:00:11]} 21. Rac1 {[%emt 0:01:44]} a5 {[%emt 0:01:08]} 22. Nd3 {[%emt 0:00:15]} b5 {[%emt 0:00:07]} 23. Qf2 {[%emt 0:03:44]} Qb7 {[%emt 0:06:16]} 24. e5 {[%emt 0:01:30]} dxe5 {[%emt 0:06:28]} 25. b3 {[%emt 0:05:29]} Rfd8 {[%emt 0:01:01]} 26. Qf1 {[%emt 0:01:56]} e4 {[%emt 0:02:20]} 27. fxe4 {[%emt 0:02:29]} Nxc3 {[%emt 0:01:00]} 28. e5 {[%emt 0:00:28]} b4 {[%emt 0:01:20]} 29. Nc5 {[%emt 0:01:21]} Qd5 {[%emt 0:01:41]} 30. Qf2 {[%emt 0:00:34]} Bxe5 {[%emt 0:01:43]} 31. Bg5 {[%emt 0:01:44]} Bd4 {[%emt 0:00:52]} 32. Qh4 {[%emt 0:00:51]} Bxc5 {[%emt 0:00:33]} 33. Bxd8 {[%emt 0:01:24]} Qxd8 {[%emt 0:00:48]} 34. Qg4 {[%emt 0:00:18]} Qd5 {[%emt 0:00:58]} 35. Qf4 {[%emt 0:01:37]} Bd4 {[%emt 0:00:31]} 36. Rf1 {[%emt 0:00:32]} e5 {[%emt 0:01:47]} 37. Qh4 {[%emt 0:00:20]} e4 {[%emt 0:00:32]} 38. Qe7 {[%emt 0:00:45]} Bc5 {[%emt 0:01:03]} 39. Qf6 {[%emt 0:00:21]} e3 {[%emt 0:01:25]} 0-1

[Event "3rd Memorial Warakomska 2019"]
[Site "Suwalki"]
[Date "2019.08.07"]
[Round "4.6"]
[White "Grib, Roman"]
[Black "Sadzikowski, Daniel"]
[Result "0-1"]
[WhiteElo "2421"]
[BlackElo "2503"]
[Annotator "ChessBase"]
[PlyCount "94"]
[EventDate "2019.08.05"]
[EventType "swiss"]
[EventCountry "POL"]
[SourceTitle "playchess.com"]
[Source "ChessBase"]
[SourceQuality "1"]
[TimeControl "40/5400+30:1800+30"]

1. e4 {[%emt 0:00:00]} c6 {[%emt 0:00:00]} 2. d4 {[%emt 0:00:14]} d5 {[%emt 0:00:00]} 3. Nc3 {[%emt 0:00:24]} dxe4 {[%emt 0:00:00]} 4. Nxe4 {[%emt 0:00:03]} Bf5 {[%emt 0:00:00]} 5. Ng3 {[%emt 0:00:09]} Bg6 {[%emt 0:00:01]} 6. h4 {[%emt 0:00:18]} h6 {[%emt 0:00:06]} 7. Nf3 {[%emt 0:00:21]} Nd7 {[%emt 0:00:13]} 8. h5 {[%emt 0:00:17]} Bh7 {[%emt 0:00:04]} 9. Bd3 {[%emt 0:00:04]} Bxd3 {[%emt 0:00:06]} 10. Qxd3 {[%emt 0:00:03]} e6 {[%emt 0:00:08]} 11. Bf4 {[%emt 0:00:20]} Qa5+ {[%emt 0:01:32]} 12. Bd2 {[%emt 0:00:06]} Bb4 {[%emt 0:00:22]} 13. c3 {[%emt 0:01:43]} Be7 {[%emt 0:00:21]} 14. c4 {[%emt 0:00:25]} Qb6 {[%emt 0:00:05]} 15. Bc3 {[%emt 0:21:22]} Ngf6 {[%emt 0:02:27]} 16. O-O-O {[%emt 0:07:11]} O-O {[%emt 0:06:40]} 17. Kb1 {[%emt 0:01:23]} Rad8 {[%emt 0:16:15]} 18. Qe2 {[%emt 0:09:40]} Bb4 {[%emt 0:04:02]} 19. Bxb4 {[%emt 0:18:55]} Qxb4 {[%emt 0:00:02]} 20. a3 {[%emt 0:00:40]} Qa5 {[%emt 0:06:45]} 21. Ne5 {[%emt 0:03:32]} c5 {[%emt 0:01:21]} 22. Rh4 {[%emt 0:11:59]} Nxe5 {[%emt 0:14:52]} 23. Qxe5 {[%emt 0:00:59]} Qa4 {[%emt 0:00:36]} 24. Rc1 {[%emt 0:04:21]} cxd4 {[%emt 0:18:35]} 25. Rxd4 {[%emt 0:00:04]} Rd7 {[%emt 0:00:06]} 26. Ka2 {[%emt 0:11:13]} Rfd8 {[%emt 0:02:02]} 27. Rxd7 {[%emt 0:00:04]} Qxd7 {[%emt 0:01:36]} 28. Ne4 {[%emt 0:01:01]} Ng4 {[%emt 0:04:58]} 29. Qg3 {[%emt 0:01:09]} f5 {[%emt 0:00:05]} 30. f3 {[%emt 0:00:47]} Qd4 {[%emt 0:03:15]} 31. fxg4 {[%emt 0:03:32]} Qxe4 {[%emt 0:04:53]} 32. g5 {[%emt 0:00:59]} f4 {[%emt 0:03:01]} 33. Qg4 {[%emt 0:02:27]} hxg5 {[%emt 0:02:53]} 34. Qxg5 {[%emt 0:00:14]} Rd2 {[%emt 0:00:08]} 35. Qb5 {[%emt 0:00:57]} Rxg2 {[%emt 0:02:03]} 36. h6 {[%emt 0:00:28]} gxh6 {[%emt 0:01:23]} 37. Rd1 {[%emt 0:00:34]} Kh7 {[%emt 0:01:30]} 38. Qb4 {[%emt 0:00:28]} f3 {[%emt 0:03:53]} 39. Re1 {[%emt 0:00:31]} Qf5 {[%emt 0:00:21]} 40. Qxb7+ {[%emt 0:00:00]} Rg7 {[%emt 0:00:00]} 41. Qc6 {[%emt 0:04:56]} f2 {[%emt 0:02:44]} 42. Rf1 {[%emt 0:00:02]} e5 {[%emt 0:02:26]} 43. Qd5 {[%emt 0:14:11]} Rf7 {[%emt 0:00:56]} 44. c5 {[%emt 0:00:30]} e4 {[%emt 0:00:16]} 45. Qc4 {[%emt 0:00:30]} e3 {[%emt 0:02:16]} 46. c6 {[%emt 0:00:06]} Rc7 {[%emt 0:07:39]} 47. b3 {[%emt 0:01:39]} Qg6 {[%emt 0:04:21]} 0-1

[Event "3rd Memorial Warakomska 2019"]
[Site "Suwalki"]
[Date "2019.08.07"]
[Round "4.7"]
[White "Zakhartsov, Vladimir"]
[Black "Hnydiuk, Aleksander"]
[Result "1/2-1/2"]
[WhiteElo "2493"]
[BlackElo "2412"]
[Annotator "ChessBase"]
[PlyCount "68"]
[EventDate "2019.08.05"]
[EventType "swiss"]
[EventCountry "POL"]
[SourceTitle "playchess.com"]
[Source "ChessBase"]
[SourceQuality "1"]
[TimeControl "40/5400+30:1800+30"]

1. d4 {[%emt 0:03:52]} Nf6 {[%emt 0:00:06]} 2. c4 {[%emt 0:00:14]} c5 {[%emt 0:00:08]} 3. d5 {[%emt 0:00:23]} b5 {[%emt 0:00:03]} 4. cxb5 {[%emt 0:00:57]} a6 {[%emt 0:00:04]} 5. bxa6 {[%emt 0:00:14]} g6 {[%emt 0:00:05]} 6. Nc3 {[%emt 0:00:41]} Bg7 {[%emt 0:00:04]} 7. Nf3 {[%emt 0:00:52]} O-O {[%emt 0:00:05]} 8. g3 {[%emt 0:01:04]} d6 {[%emt 0:00:04]} 9. Bg2 {[%emt 0:00:13]} Nbd7 {[%emt 0:00:03]} 10. O-O {[%emt 0:00:17]} Nb6 {[%emt 0:00:03]} 11. Re1 {[%emt 0:00:40]} Bxa6 {[%emt 0:00:23]} 12. Bf4 {[%emt 0:01:39]} Nh5 {[%emt 0:23:00]} 13. Bg5 {[%emt 0:01:42]} h6 {[%emt 0:00:16]} 14. Bc1 {[%emt 0:00:06]} Nf6 {[%emt 0:04:03]} 15. Nd2 {[%emt 0:04:07]} Bb7 {[%emt 0:04:02]} 16. e4 {[%emt 0:00:27]} Nfd7 {[%emt 0:01:04]} 17. Qc2 {[%emt 0:00:39]} Ne5 {[%emt 0:07:16]} 18. f4 {[%emt 0:01:02]} Nec4 {[%emt 0:00:30]} 19. Ndb1 {[%emt 0:01:15]} Na5 {[%emt 0:11:08]} 20. Na3 {[%emt 0:11:35]} Nac4 {[%emt 0:15:44]} 21. Nab1 {[%emt 0:05:09]} Na5 {[%emt 0:00:27]} 22. Kh1 {[%emt 0:09:21]} Qd7 {[%emt 0:09:03]} 23. Nd2 {[%emt 0:07:31]} Rfc8 {[%emt 0:06:09]} 24. Rb1 {[%emt 0:00:41]} Nac4 {[%emt 0:00:46]} 25. Nxc4 {[%emt 0:09:55]} Nxc4 {[%emt 0:01:09]} 26. e5 {[%emt 0:07:19]} dxe5 {[%emt 0:03:09]} 27. fxe5 {[%emt 0:04:57]} Nxe5 {[%emt 0:00:35]} 28. Bf4 {[%emt 0:00:45]} Ng4 {[%emt 0:01:18]} 29. h3 {[%emt 0:04:24]} Nf6 {[%emt 0:00:18]} 30. Qd2 {[%emt 0:03:34]} Nh5 {[%emt 0:03:01]} 31. Bxh6 {[%emt 0:04:47]} Nxg3+ {[%emt 0:00:05]} 32. Kg1 {[%emt 0:00:31]} Bd4+ {[%emt 0:00:46]} 33. Kh2 {[%emt 0:00:23]} Nh5 {[%emt 0:03:24]} 34. Be3 {[%emt 0:04:44]} Qd6+ {[%emt 0:03:39]} 1/2-1/2

[Event "3rd Memorial Warakomska 2019"]
[Site "Suwalki"]
[Date "2019.08.07"]
[Round "4.8"]
[White "Tihonov, Jurij"]
[Black "Pavlov, Sergey"]
[Result "1/2-1/2"]
[WhiteElo "2393"]
[BlackElo "2486"]
[Annotator "ChessBase"]
[PlyCount "26"]
[EventDate "2019.08.05"]
[EventType "swiss"]
[EventCountry "POL"]
[SourceTitle "playchess.com"]
[Source "ChessBase"]
[SourceQuality "1"]
[TimeControl "40/5400+30:1800+30"]

1. c4 {[%emt 0:00:00]} Nf6 {[%emt 0:00:42]} 2. Nf3 {[%emt 0:00:54]} e6 {[%emt 0:01:48]} 3. e3 {[%emt 0:07:00]} b6 {[%emt 0:06:39]} 4. b3 {[%emt 0:01:05]} Bb7 {[%emt 0:03:13]} 5. Bb2 {[%emt 0:01:17]} g6 {[%emt 0:02:16]} 6. g3 {[%emt 0:25:14]} Bg7 {[%emt 0:03:06]} 7. Bg2 {[%emt 0:01:51]} O-O {[%emt 0:04:26]} 8. O-O {[%emt 0:00:14]} d5 {[%emt 0:03:40]} 9. cxd5 {[%emt 0:01:49]} exd5 {[%emt 0:01:14]} 10. Nc3 {[%emt 0:15:15]} Nbd7 {[%emt 0:07:30]} 11. Rc1 {[%emt 0:02:19]} a6 {[%emt 0:05:04]} 12. d4 {[%emt 0:03:08]} Re8 {[%emt 0:03:11]} 13. Ne2 {[%emt 0:03:17]} Ne4 {[%emt 0:04:13]} 1/2-1/2

[Event "3rd Memorial Warakomska 2019"]
[Site "Suwalki"]
[Date "2019.08.07"]
[Round "4.9"]
[White "Harsha Bharathakoti"]
[Black "Licznerski, Lukasz"]
[Result "1-0"]
[WhiteElo "2486"]
[BlackElo "2328"]
[Annotator "ChessBase"]
[PlyCount "95"]
[EventDate "2019.08.05"]
[EventType "swiss"]
[EventCountry "POL"]
[SourceTitle "playchess.com"]
[Source "ChessBase"]
[SourceQuality "1"]
[TimeControl "40/5400+30:1800+30"]

1. d4 {[%emt 0:07:30]} Nf6 {[%emt 0:00:00]} 2. c4 {[%emt 0:00:16]} g6 {[%emt 0:00:01]} 3. Nc3 {[%emt 0:01:49]} d5 {[%emt 0:00:08]} 4. Nf3 {[%emt 0:00:08]} Bg7 {[%emt 0:00:06]} 5. cxd5 {[%emt 0:00:06]} Nxd5 {[%emt 0:00:04]} 6. Na4 {[%emt 0:00:08]} O-O {[%emt 0:03:37]} 7. e4 {[%emt 0:00:23]} Nb6 {[%emt 0:00:42]} 8. Be3 {[%emt 0:00:25]} Bg4 {[%emt 0:09:20]} 9. Nc5 {[%emt 0:05:52]} Nc6 {[%emt 0:03:34]} 10. Nxb7 {[%emt 0:02:16]} Qb8 {[%emt 0:00:46]} 11. Ba6 {[%emt 0:00:03]} Nb4 {[%emt 0:16:59]} 12. Nc5 {[%emt 0:00:59]} Bxf3 {[%emt 0:08:50]} 13. gxf3 {[%emt 0:00:38]} Rd8 {[%emt 0:00:27]} 14. Qb3 {[%emt 0:25:57]} Nxa6 {[%emt 0:17:07]} 15. Nxa6 {[%emt 0:00:10]} Qc8 {[%emt 0:00:05]} 16. Nb4 {[%emt 0:13:33]} Qh3 {[%emt 0:01:10]} 17. Ke2 {[%emt 0:00:46]} Bxd4 {[%emt 0:03:03]} 18. Nc6 {[%emt 0:00:57]} Bxe3 {[%emt 0:01:58]} 19. Nxd8 {[%emt 0:01:45]} Rxd8 {[%emt 0:00:36]} 20. Qxe3 {[%emt 0:01:41]} Qd7 {[%emt 0:20:41]} 21. Rhd1 {[%emt 0:03:49]} Qb5+ {[%emt 0:00:01]} 22. Ke1 {[%emt 0:00:07]} Rd6 {[%emt 0:00:37]} 23. b3 {[%emt 0:17:18]} Qe5 {[%emt 0:03:58]} 24. f4 {[%emt 0:04:41]} Qh5 {[%emt 0:00:27]} 25. h3 {[%emt 0:03:46]} e5 {[%emt 0:04:22]} 26. Rxd6 {[%emt 0:01:19]} cxd6 {[%emt 0:00:02]} 27. fxe5 {[%emt 0:04:00]} Qxe5 {[%emt 0:01:13]} 28. Rd1 {[%emt 0:00:07]} h6 {[%emt 0:03:16]} 29. Qxh6 {[%emt 0:03:17]} Qxe4+ {[%emt 0:00:08]} 30. Qe3 {[%emt 0:00:03]} Qh1+ {[%emt 0:00:49]} 31. Ke2 {[%emt 0:00:07]} Qc6 {[%emt 0:00:15]} 32. Qd4 {[%emt 0:00:21]} Qb5+ {[%emt 0:00:30]} 33. Kf3 {[%emt 0:01:39]} Nd7 {[%emt 0:01:02]} 34. Qxd6 {[%emt 0:00:30]} Qh5+ {[%emt 0:00:34]} 35. Kg2 {[%emt 0:00:26]} Ne5 {[%emt 0:00:12]} 36. Qd5 {[%emt 0:00:35]} Qg5+ {[%emt 0:00:32]} 37. Kh1 {[%emt 0:00:30]} Qh5 {[%emt 0:00:40]} 38. Kh2 {[%emt 0:00:31]} Qf5 {[%emt 0:00:37]} 39. Kg2 {[%emt 0:00:29]} Qg5+ {[%emt 0:00:16]} 40. Kf1 {[%emt 0:00:00]} Qh5 {[%emt 0:00:00]} 41. h4 {[%emt 0:13:34]} Qf5 {[%emt 0:06:00]} 42. Rd4 {[%emt 0:02:54]} Qh3+ {[%emt 0:01:42]} 43. Ke2 {[%emt 0:00:15]} Qf5 {[%emt 0:01:33]} 44. Qe4 {[%emt 0:01:22]} Qf6 {[%emt 0:00:31]} 45. Rd5 {[%emt 0:02:46]} Nc6 {[%emt 0:02:08]} 46. Kf1 {[%emt 0:00:20]} Kh7 {[%emt 0:05:44]} 47. Rh5+ {[%emt 0:01:14]} Kg7 {[%emt 0:00:25]} 48. Rc5 {[%emt 0:00:05]} 1-0

[Event "3rd Memorial Warakomska 2019"]
[Site "Suwalki"]
[Date "2019.08.07"]
[Round "4.10"]
[White "Barski, Radoslaw"]
[Black "Iturrizaga Bonelli, Eduardo"]
[Result "1/2-1/2"]
[WhiteElo "2468"]
[BlackElo "2625"]
[Annotator "TA"]
[PlyCount "38"]
[EventDate "2019.08.05"]
[EventType "swiss"]
[EventCountry "POL"]
[SourceTitle "playchess.com"]
[Source "ChessBase"]
[SourceQuality "1"]

{[%evp 9,38,0,34,12,13,0,20,28,34,34,39,37,33,35,29,23,29,42,29,35,33,16,20,20,30,22,31,16,39,27,39]} 1. e4 c6 2. d4 d5 3. e5 c5 4. dxc5 e6 5. a3 Nc6 6. Nf3 {B12: Caro-Kann: Advance Variation} Bxc5 7. Bd3 $146 (7. b4 Bb6 8. b5 Nb8 9. Bb2 a6 10. a4 Nh6 11. Be2 axb5 12. axb5 Rxa1 13. Bxa1 {1-0 (40) Grischuk,A (2771)-Navara,D (2739) Shamkir 2019}) ({Predecessor:} 7. b4 Bb6 8. Bd3 {1-0 (52) Hracek,Z (2609)-Khenkin,I (2594) Czech Republic 2016}) 7... f6 8. b4 {The position is equal.} Bb6 9. Bb2 fxe5 10. Nxe5 Nf6 11. O-O O-O 12. Nd2 {[%cal Bb1d2,Bd2f3,Bf3e5][%mdl 32]} a5 13. b5 Nxe5 14. Bxe5 Bd7 15. Qe2 a4 16. Bb2 Qe8 17. Nf3 Qh5 18. c4 Rae8 {[#] White must now prevent ...e5!} 19. Ne5 {Threatens to win with Qxh5.} Qxe2 {Accuracy: White = 67%, Black = 66%.} 1/2-1/2

[Event "3rd Memorial Warakomska 2019"]
[Site "Suwalki"]
[Date "2019.08.07"]
[Round "4.11"]
[White "Tomczak, Jacek"]
[Black "Kowalski, Igor"]
[Result "1-0"]
[WhiteElo "2623"]
[BlackElo "2320"]
[Annotator "TA"]
[PlyCount "95"]
[EventDate "2019.08.05"]
[EventType "swiss"]
[EventCountry "POL"]
[SourceTitle "playchess.com"]
[Source "ChessBase"]
[SourceQuality "1"]

{[%evp 16,95,41,15,12,10,35,0,0,0,0,14,54,57,166,166,168,152,167,154,149,148,154,157,158,156,166,149,163,165,158,156,262,280,257,256,268,268,251,208,210,181,273,269,275,285,578,560,519,513,517,516,508,408,337,279,563,208,542,190,197,149,198,0,170,0,200,129,122,126,124,98,109,105,188,175,198,198,590,563,558,561]} 1. e4 e5 2. Nf3 Nc6 3. Bb5 a6 4. Ba4 Nf6 5. O-O b5 6. Bb3 Bc5 7. c3 d6 8. d4 Bb6 9. Be3 O-O {C78: Ruy Lopez: Archangelsk and Möller Defences} 10. Nbd2 (10. h3 exd4 11. cxd4 Nxe4 12. Bd5 Qe8 13. Qc2 Nb4 14. Qxe4 Qxe4 15. Bxe4 d5 16. Bxh7+ Kxh7 17. Nc3 {1-0 (43) Harikrishna,P (2766)-Adhiban,B (2653) Wijk aan Zee 2017}) 10... h6 11. h3 exd4 {The position is equal.} 12. cxd4 Re8 13. Re1 Bb7 14. d5 {[#] Hoping for Bxb6.} Nb4 $146 (14... Na5 $14) ({Predecessor:} 14... Ne7 15. Bxb6 cxb6 16. Nf1 Nd7 17. Qd2 Ng6 18. Ng3 Nc5 19. Bc2 a5 20. a3 Bc8 21. b4 {1-0 (42) Solomunovic,I (2397)-Trifunovic,M (2295) Golubac 2008}) 15. Bxb6 $18 cxb6 16. Re3 a5 17. a3 Na6 18. Nd4 Nc5 {[%cal Rf6e4]} 19. Bc2 b4 20. axb4 axb4 21. Rxa8 Bxa8 22. Qe2 Bb7 23. Qb5 Qa8 (23... Na6 $16 24. b3 g6) 24. Qxb4 Qa1+ 25. Kh2 Qc1 26. Qc3 Rc8 27. Nc6 Bxc6 28. dxc6 Kh8 (28... Kf8 $142 29. b4 Ne6) 29. b4 Ne6 30. Nf3 {[%cal Bd2f3,Bf3h4,Bh4g6][%mdl 32]} Nc7 $2 (30... Ne8 31. Re1 Qf4+ 32. Kg1 Kg8) 31. Re1 Nb5 32. Qb3 Qa3 33. Qxf7 Qc3 34. Bb3 Qxc6 35. Nh4 {And now Ng6+ would win.} Qc7 $2 (35... Qe8 {was worth a try.} 36. Qxe8+ Nxe8) 36. Ng6+ Kh7 37. Qxc7 $2 (37. Ne7 {Black must now prevent Re3.} Nd4 38. Nxc8 Qxc8 39. Qc4 Qxc4 40. Bxc4) 37... Rxc7 38. Nf8+ Kh8 39. Ng6+ Kh7 40. Nf8+ Kh8 41. Ne6 Rc3 42. Ba4 Na3 43. e5 dxe5 44. Rxe5 Rc4 (44... Kh7 $16 {is a better defense.} 45. Nf8+ Kg8) 45. Re3 Nb1 46. Rd3 {[#] aiming for Rd8+.} g5 $2 (46... Kg8 {is tougher.} 47. Rg3 Nh5) 47. Rd8+ Kh7 48. Bb5 {Accuracy: White = 75%, Black = 44%.} 1-0

[Event "3rd Memorial Warakomska 2019"]
[Site "Suwalki"]
[Date "2019.08.07"]
[Round "4.12"]
[White "Dhulipalla Bala Chandra Prasad"]
[Black "Stupak, Kirill"]
[Result "1/2-1/2"]
[WhiteElo "2419"]
[BlackElo "2560"]
[Annotator "ChessBase"]
[PlyCount "92"]
[EventDate "2019.08.05"]
[EventType "swiss"]
[EventCountry "POL"]
[SourceTitle "playchess.com"]
[Source "ChessBase"]
[SourceQuality "1"]
[TimeControl "40/5400+30:1800+30"]

1. d4 {[%emt 0:00:00]} Nf6 {[%emt 0:00:23]} 2. c4 {[%emt 0:00:00]} e6 {[%emt 0:00:08]} 3. g3 {[%emt 0:00:00]} c5 {[%emt 0:00:02]} 4. d5 {[%emt 0:00:00]} exd5 {[%emt 0:00:03]} 5. cxd5 {[%emt 0:00:00]} d6 {[%emt 0:00:01]} 6. Bg2 {[%emt 0:00:00]} g6 {[%emt 0:00:03]} 7. Nc3 {[%emt 0:00:02]} Bg7 {[%emt 0:00:03]} 8. Nf3 {[%emt 0:00:05]} O-O {[%emt 0:00:03]} 9. O-O {[%emt 0:00:05]} Re8 {[%emt 0:00:07]} 10. Bf4 {[%emt 0:00:05]} Na6 {[%emt 0:00:04]} 11. Re1 {[%emt 0:02:28]} Bf5 {[%emt 0:00:36]} 12. Nd2 {[%emt 0:02:58]} Nh5 {[%emt 0:00:46]} 13. e4 {[%emt 0:00:18]} Nxf4 {[%emt 0:00:02]} 14. gxf4 {[%emt 0:00:06]} Bc8 {[%emt 0:00:03]} 15. Nc4 {[%emt 0:02:21]} Bxc3 16. bxc3 {[%emt 0:00:01]} b5 {[%emt 0:00:48]} 17. Nd2 {[%emt 0:00:54]} Rb8 {[%emt 0:00:03]} 18. Qf3 {[%emt 0:02:02]} Qh4 {[%emt 0:28:07]} 19. Qg3 {[%emt 0:06:58]} Qxg3 {[%emt 0:01:13]} 20. hxg3 {[%emt 0:00:36]} f6 {[%emt 0:09:25]} 21. a4 {[%emt 0:21:02]} b4 {[%emt 0:02:10]} 22. Nc4 {[%emt 0:12:03]} Rd8 {[%emt 0:00:55]} 23. e5 {[%emt 0:12:45]} dxe5 {[%emt 0:03:55]} 24. fxe5 {[%emt 0:00:09]} fxe5 {[%emt 0:00:13]} 25. Nxe5 {[%emt 0:01:00]} bxc3 {[%emt 0:03:55]} 26. Nc6 {[%emt 0:01:27]} Bf5 {[%emt 0:00:01]} 27. Rac1 {[%emt 0:11:06]} c2 {[%emt 0:02:25]} 28. Ne7+ {[%emt 0:03:28]} Kf8 {[%emt 0:02:04]} 29. Nxf5 {[%emt 0:00:18]} gxf5 {[%emt 0:00:02]} 30. Rxc2 {[%emt 0:00:11]} Nb4 {[%emt 0:00:07]} 31. Rc4 {[%emt 0:07:09]} Nd3 {[%emt 0:01:01]} 32. Re6 {[%emt 0:05:17]} Rb1+ {[%emt 0:05:09]} 33. Kh2 {[%emt 0:02:27]} Rb6 {[%emt 0:00:02]} 34. Re3 {[%emt 0:04:28]} Rb4 {[%emt 0:04:16]} 35. Rxb4 {[%emt 0:03:42]} Nxb4 {[%emt 0:00:08]} 36. Rc3 {[%emt 0:00:54]} Na6 {[%emt 0:03:14]} 37. Bf1 {[%emt 0:00:43]} Rd6 {[%emt 0:04:37]} 38. a5 {[%emt 0:01:11]} Nb4 {[%emt 0:03:06]} 39. Rxc5 {[%emt 0:00:05]} Nxd5 {[%emt 0:00:30]} 40. Bg2 {[%emt 0:00:00]} Ne7 {[%emt 0:00:00]} 41. Bb7 {[%emt 0:05:43]} Kf7 {[%emt 0:05:23]} 42. Kg2 {[%emt 0:05:24]} Kf6 {[%emt 0:00:24]} 43. Bf3 {[%emt 0:00:50]} h6 {[%emt 0:00:56]} 44. Rb5 {[%emt 0:02:34]} Re6 {[%emt 0:01:02]} 45. Rb7 {[%emt 0:00:57]} Ra6 {[%emt 0:00:08]} 46. Rb5 {[%emt 0:00:06]} Re6 {[%emt 0:00:03]} 1/2-1/2